| 000 | 00636cab a2200229 4500 | ||
|---|---|---|---|
| 001 | ABS60583 | ||
| 008 | 090401t1999 xxu||||| |||| 00| 0 eng d | ||
| 035 | _a(Sirsi) u92663 | ||
| 041 | _aeng | ||
| 245 | _aFarmer (VO) v Hambleton DC and another | ||
| 260 | _c1999 | ||
| 350 | _a0 | ||
| 490 |
_aRating Appeals _v[1999] 2 RA, 61-92(17) |
||
| 650 | _aAGRICULTURAL BUILDINGS | ||
| 650 | _aAGRICULTURAL PROPERTY RELIEFS | ||
| 650 | _aFARMER (VO) V HAMBLETON DC AND ANOTHER | ||
| 650 | _aGENERAL RATE ACT 1967 | ||
| 650 | _aRATING ACT 1971 S4(2) | ||
| 690 | _aRATING AND VALUATION-CASE LAW | ||
| 942 | _n0 | ||
| 948 | _c09/04/1999 | ||
| 999 |
_c58734 _d58734 |
||